| 000 | 00518nam a22002177a 4500 | ||
|---|---|---|---|
| 999 |
_c480953 _d480953 |
||
| 003 | NUST | ||
| 005 | 20180829054010.0 | ||
| 008 | 180829b ||||| |||| 00| 0 eng d | ||
| 020 | _a0136585434 | ||
| 022 | _a0136585434 | ||
| 038 | _a0 | ||
| 050 | _a658.3 | ||
| 082 | _a658.3 | ||
| 100 |
_aDessler,Gary. _912321 |
||
| 245 |
_aPersonnel Management. _cGary Dessler. |
||
| 250 | _a4th ed. | ||
| 260 |
_aNew Jersey. _bPrentice Hall. _c1988. |
||
| 300 | _a727p. | ||
| 500 | _aHard Cover. | ||
| 942 |
_2ddc _cBK _k658.3 |
||